Evaluación hidráulica de acueducto de Somoto.

Presenta la evaluación hidráulica de acueducto de Somoto con el objetivo de suministrar a ENACAL un modelo hidráulico del acueducto mediante un software que refleje de forma precisa su composición y su comportamiento real, mediante la calibración del mismo mediante parámetros tomados en el cam...

Full description

Bibliographic Details
Main Authors: Barrantes Bassett, María José, Arana Gutiérrez, Ulises
Other Authors: Tutor: Lanza Mejía, Nestor Javier
Format: Tesis Section = Libro
Language:Undetermined
Spanish
Published: Managua UNI 2007
Subjects:
LEADER 01531nam a2200265Ia 4500
008 240830s9999 xx 000 0 und d
040 |a BIBLIOTECA-RUPAP Mon 628.72 B268 
041 |a spa 
082 |a Mon 628.72 B268 
100 1 |a Barrantes Bassett, María José 
100 1 |b  Arana Gutiérrez, Ulises 
245 1 0 |a Evaluación hidráulica de acueducto de Somoto. 
260 |a Managua  |b UNI  |c 2007 
300 |a 180 p. :il. 
500 |a Contiene: anexos. 
502 |a Tesis (Ingeniero Civil)- UNI, 2007. 
520 3 |a Presenta la evaluación hidráulica de acueducto de Somoto con el objetivo de suministrar a ENACAL un modelo hidráulico del acueducto mediante un software que refleje de forma precisa su composición y su comportamiento real, mediante la calibración del mismo mediante parámetros tomados en el campo de información veraz suministrada por diferentes organismos y empresas relacionadas al estudio, diseño, ejecución, coordinación y supervisión del proyecto, la ventaja de contar con un modelo calibrado de la red permite investigar la calidad de la operación , medir la fidelidad de los instrumentos de medición, detectar las zonas problemáticas de la red, encontrar zonas con altas fugas y realizar cálculos que refleje resultados reales. 
650 7 |a ABASTECIMIENTO DE AGUA 
650 7 |b AGUA POTABLE 
650 7 |c RED DE DISTRIBUCION 
650 7 |d ANALISIS HIDRAULICO 
700 1 |a Tutor:  |b Lanza Mejía, Nestor Javier 
942 |c BK  |2 ddc 
991 |a TESIS 
999 |c 16453